000 00468nam a2200121Ia 4500
008 220615s9999||||xx |||||||||||||| ||und||
245 4 _aThe Russian Revolutions of 1917
_bThe Northern Impact and Beyond
546 _aEnglish[eng]
650 _aHistory||Russia & The Former Soviet Union
700 _aRogatchevski, Andrei||Nielsen, Jens Petter||Myklebost, Kari Aga
856 _uhttps://library.oapen.org/bitstream/20.500.12657/43898/1/external_content.pdf
942 _cEB
999 _c7457
_d7457